<?xml version="1.0" encoding="UTF-8"?>
<collection xmlns="http://www.loc.gov/MARC21/slim">
<record>
  <controlfield tag="001">153018</controlfield>
  <controlfield tag="005">20260317074120.0</controlfield>
  <datafield tag="024" ind1="7" ind2=" ">
    <subfield code="2">doi</subfield>
    <subfield code="a">10.1002/adom.202500051</subfield>
  </datafield>
  <datafield tag="024" ind1="8" ind2=" ">
    <subfield code="2">sideral</subfield>
    <subfield code="a">143494</subfield>
  </datafield>
  <datafield tag="037" ind1=" " ind2=" ">
    <subfield code="a">ART-2025-143494</subfield>
  </datafield>
  <datafield tag="041" ind1=" " ind2=" ">
    <subfield code="a">eng</subfield>
  </datafield>
  <datafield tag="100" ind1=" " ind2=" ">
    <subfield code="0">(orcid)0009-0007-2347-6481</subfield>
    <subfield code="a">Roy, Jorge</subfield>
    <subfield code="u">Universidad de Zaragoza</subfield>
  </datafield>
  <datafield tag="245" ind1=" " ind2=" ">
    <subfield code="a">Surfing the color map with Carbazole‐Appended Cyclometalated N‐Heterocyclic Carbene Pt Complexes and their application in green organic Light‐Emitting Devices</subfield>
  </datafield>
  <datafield tag="260" ind1=" " ind2=" ">
    <subfield code="c">2025</subfield>
  </datafield>
  <datafield tag="506" ind1="0" ind2=" ">
    <subfield code="a">Access copy available to the general public</subfield>
    <subfield code="f">Unrestricted</subfield>
  </datafield>
  <datafield tag="520" ind1="3" ind2=" ">
    <subfield code="a">This paper describes the stage‐wise synthesis of the new carbazole‐appended platinum (II) cyclometalated N‐heterocyclic carbene complex, [Pt(Cbz‐C^C*bzim)Cl(NCCH3)] (A) (HC^C* = 1‐(4‐(9H‐carbazol‐9‐yl)phenyl)‐3‐methyl‐1H‐benzimidazol‐2‐ylidene) from 9‐(4‐bromo‐phenyl)‐9H‐carbazole, benzimidazole and [{Pt(μ‐Cl)(ƞ3‐2‐Me‐C3H4)}2]. Complex A, and the analogous imidazole derivative [Pt(Cbz‐C^C*im)Cl(NCCH3)] (B), are the precursors of the neutral complexes [Pt(Cbz‐C^C*bzim/im)(acac)] (1A/B, acac: acetylacetonate), [Pt(Cbz‐C^C*bzim/im)(P^O1)] (2A/B, P^O1: 2‐diphenylphosphinobenzoate) and [Pt(Cbz‐C^C*bzim/im)(P^O2)] (3A/B, P^O2: 2‐diphenylphosphinophenolate). At low doping concentration in poly(methylmethacrylate (PMMA) films (1% for 1A/B and 5% for 2A/B and 3A/B), they show a bright phosphorescent emission, peaking in the blue (1B‐3B) or blue–green (1A‐3A) spectral range. The planar structure of 1A and 1B enables intermolecular interactions, especially for 1A, with a more extended π–system, which changes the color from blue to yellowish–green at higher doping concentration. Organic Light‐Emitting Diodes (OLEDs) using 1A and 1B as emitters in thick doped and in ultrathin non‐doped emitting layers show aggregate‐derived emission even at very low concentrations. The best performing devices in this work use 1A and 3A and show a turn‐on voltage of 2.99 and 2.55 V, a peak luminance of 39208 and 25837 cd m−2, and a peak current efficiency of 44.9 and 40.0 cd A−1 (12.8% and 13.4% EQE).</subfield>
  </datafield>
  <datafield tag="536" ind1=" " ind2=" ">
    <subfield code="9">info:eu-repo/grantAgreement/ES/DGA/E17-23R</subfield>
    <subfield code="9">info:eu-repo/grantAgreement/EC/HORIZON EUROPE/101073045 /EU/- addressing the challenges of high-performance solut</subfield>
    <subfield code="9">info:eu-repo/grantAgreement/ES/MICINN/PID2021-122869NB-I00</subfield>
  </datafield>
  <datafield tag="540" ind1=" " ind2=" ">
    <subfield code="9">info:eu-repo/semantics/openAccess</subfield>
    <subfield code="a">by</subfield>
    <subfield code="u">https://creativecommons.org/licenses/by/4.0/deed.es</subfield>
  </datafield>
  <datafield tag="655" ind1=" " ind2="4">
    <subfield code="a">info:eu-repo/semantics/article</subfield>
    <subfield code="v">info:eu-repo/semantics/publishedVersion</subfield>
  </datafield>
  <datafield tag="700" ind1=" " ind2=" ">
    <subfield code="a">Forzatti, Michele</subfield>
  </datafield>
  <datafield tag="700" ind1=" " ind2=" ">
    <subfield code="a">Martín, Antonio</subfield>
  </datafield>
  <datafield tag="700" ind1=" " ind2=" ">
    <subfield code="0">(orcid)0000-0002-5881-9698</subfield>
    <subfield code="a">Ara, Irene</subfield>
    <subfield code="u">Universidad de Zaragoza</subfield>
  </datafield>
  <datafield tag="700" ind1=" " ind2=" ">
    <subfield code="a">Stanzani, Edoardo</subfield>
  </datafield>
  <datafield tag="700" ind1=" " ind2=" ">
    <subfield code="a">Jenatsch, Sandra</subfield>
  </datafield>
  <datafield tag="700" ind1=" " ind2=" ">
    <subfield code="a">Bolink, Henk J.</subfield>
  </datafield>
  <datafield tag="700" ind1=" " ind2=" ">
    <subfield code="0">(orcid)0000-0003-1812-3175</subfield>
    <subfield code="a">Fuertes, Sara</subfield>
  </datafield>
  <datafield tag="700" ind1=" " ind2=" ">
    <subfield code="a">Tordera, Daniel</subfield>
  </datafield>
  <datafield tag="700" ind1=" " ind2=" ">
    <subfield code="0">(orcid)0000-0002-0257-0483</subfield>
    <subfield code="a">Sicilia, Violeta</subfield>
    <subfield code="u">Universidad de Zaragoza</subfield>
  </datafield>
  <datafield tag="710" ind1="2" ind2=" ">
    <subfield code="1">2010</subfield>
    <subfield code="2">760</subfield>
    <subfield code="a">Universidad de Zaragoza</subfield>
    <subfield code="b">Dpto. Química Inorgánica</subfield>
    <subfield code="c">Área Química Inorgánica</subfield>
  </datafield>
  <datafield tag="773" ind1=" " ind2=" ">
    <subfield code="g">(2025), 2500051 [13 pp.]</subfield>
    <subfield code="p">Adv. opt. mater.</subfield>
    <subfield code="t">Advanced Optical Materials</subfield>
    <subfield code="x">2195-1071</subfield>
  </datafield>
  <datafield tag="856" ind1="4" ind2=" ">
    <subfield code="s">3726985</subfield>
    <subfield code="u">http://zaguan.unizar.es/record/153018/files/texto_completo.pdf</subfield>
    <subfield code="y">Versión publicada</subfield>
    <subfield code="z">info:eu-repo/date/embargoEnd/2026-03-17</subfield>
  </datafield>
  <datafield tag="856" ind1="4" ind2=" ">
    <subfield code="s">2575302</subfield>
    <subfield code="u">http://zaguan.unizar.es/record/153018/files/texto_completo.jpg?subformat=icon</subfield>
    <subfield code="x">icon</subfield>
    <subfield code="y">Versión publicada</subfield>
    <subfield code="z">info:eu-repo/date/embargoEnd/2026-03-17</subfield>
  </datafield>
  <datafield tag="909" ind1="C" ind2="O">
    <subfield code="o">oai:zaguan.unizar.es:153018</subfield>
    <subfield code="p">articulos</subfield>
    <subfield code="p">driver</subfield>
  </datafield>
  <datafield tag="951" ind1=" " ind2=" ">
    <subfield code="a">2026-03-16-08:29:35</subfield>
  </datafield>
  <datafield tag="980" ind1=" " ind2=" ">
    <subfield code="a">ARTICLE</subfield>
  </datafield>
</record>
</collection>